STRATEGIZE EXPERIENTIAL EXCERCISES IN ST (Record no. 16456)

MARC details
000 -LEADER
fixed length control field 00370nam a2200133Ia 4500
008 - FIXED-LENGTH DATA ELEMENTS--GENERAL INFORMATION
fixed length control field 240624s9999 xx 000 0 und d
041 ## - LANGUAGE CODE
Language code of text/sound track or separate title eng
082 ## - DEWEY DECIMAL CLASSIFICATION NUMBER
Classification number 658.4012 SIC
100 ## - MAIN ENTRY--PERSONAL NAME
Personal name SICILIANO JULIE
245 ## - TITLE STATEMENT
Title STRATEGIZE EXPERIENTIAL EXCERCISES IN ST
260 ## - PUBLICATION, DISTRIBUTION, ETC.
Date of publication, distribution, etc. 2002
Place of publication, distribution, etc. Australia
Name of publisher, distributor, etc. South Western Thomson Learning
300 ## - PHYSICAL DESCRIPTION
Extent x, : 182 : p. : cm. ; 27
365 ## - TRADE PRICE
Price amount 30
Holdings
Withdrawn status Lost status Damaged status Not for loan Home library Current library Shelving location Date acquired Source of acquisition Cost, normal purchase price Full call number Barcode Date last seen Copy number Price effective from Koha item type
        IMTN IMTN Rack 27-B 01/05/2011 BB 1250.00 658.4012 SIC 16456 06/24/2024 1 06/24/2024 Books
Designed & Maintained by: LRC IMT Nagpur Contact: lrc@imtnag.ac.in© 2024. All Rights Reserved.